Ronshū bakuhan taiseishi. Dai 1-ki, Shihai taisei to gaikō, bōeki /

Saved in:
Bibliographic Details
Other Authors: Fujino, Tamotsu, 1927-
Format: Book
Language:Japanese
Published: Tōkyō : Yūzankaku, 1993-1996.
Subjects:
Tags: Add Tag
No Tags, Be the first to tag this record!
LEADER 01540nam a2200325 a 4500
001 007202155-1
005 20024617120653.0
008 940512m19931996ja ab b 000 0 jpn
010 |a 93222345 /AJ/r96 
020 |a 4639011652 
020 |a 4639011660 (v. 2) 
035 0 |a ocm29500825 
040 |a DLC  |c DLC  |d MH-HY  |d CStRLIN 
043 |a a-ja--- 
050 0 0 |a JQ1624  |b .R66 1993 
245 0 0 |6 880-01  |a Ronshū bakuhan taiseishi.  |n Dai 1-ki,  |p Shihai taisei to gaikō, bōeki /  |c [hensha Fujino Tamotsu]. 
260 |6 880-02  |a Tōkyō :  |b Yūzankaku,  |c 1993-1996. 
300 |a 11 v. :  |b ill., maps ;  |c 22 cm. 
504 |a Includes bibliographical references. 
505 0 |a dai 1-kan. Shokuhō seiken no seiritsu -- dai 2-kan. Bakuhan taiseiron, kokkaron -- dai 3-kan. Edo Bakufu no kōzō -- dai 4-kan. Tenryō to shihai keitai -- dai 5-kan. Hatamoto to chigyōsei -- dai 6-7-kan. Hantaisei no keisei -- dai 8-kan. Taigai kankei to sakoku -- dai 9-kan. Kinsei shakai to shūkyō -- dai 10-kan. Hōken shisō to kyōgaku -- dai 11-kan. Bakusei no shindankai. 
651 0 |a Japan  |x Politics and government  |y To 1868. 
651 0 |a Japan  |x Economic conditions  |y To 1868. 
651 0 |a Japan  |x Foreign relations  |y To 1868. 
650 0 |a Fiefs  |z Japan  |x History. 
700 1 |6 880-03  |a Fujino, Tamotsu,  |d 1927- 
880 0 0 |6 245-01  |a 論集幕藩体制史.  |n 第一期,  |p 支配体制と外交・貿易 /  |c [編者藤野保]. 
880 |6 260-02  |a 東京 :  |b 雄山閣,  |c 1993-1996. 
880 1 |6 700-03  |a 藤野保,  |d 1927- 
988 |a 20021217 
906 |0 DLC